Eye witness / (Record no. 133799)

MARC details
000 -LEADER
fixed length control field 00687nam a22002537a 4500
003 - CONTROL NUMBER IDENTIFIER
control field 0
005 - DATE AND TIME OF LATEST TRANSACTION
control field 20190515152844.0
008 - FIXED-LENGTH DATA ELEMENTS--GENERAL INFORMATION
fixed length control field 0
010 ## - LIBRARY OF CONGRESS CONTROL NUMBER
LC control number B-120226
020 ## - INTERNATIONAL STANDARD BOOK NUMBER
Terms of availability 150.00
International Standard Book Number 8173413363
035 ## - SYSTEM CONTROL NUMBER
System control number B-120226,b-120227,B-120247
037 ## - SOURCE OF ACQUISITION
Source of stock number/acquisition Cen Lib/Ret
040 ## - CATALOGING SOURCE
Original cataloging agency DPL
Language of cataloging EN
Transcribing agency 0
082 ## - DEWEY DECIMAL CLASSIFICATION NUMBER
Classification number S
Item number BUR
100 ## - MAIN ENTRY--PERSONAL NAME
Personal name Burney, Aziz
9 (RLIN) 27499
245 ## - TITLE STATEMENT
Title Eye witness /
Statement of responsibility, etc by Aziz Burney; translated by C.M. Agarwal
260 ## - PUBLICATION, DISTRIBUTION, ETC. (IMPRINT)
Place of publication, distribution, etc New Delhi
Name of publisher, distributor, etc Indian Publishers
Date of publication, distribution, etc 2004
270 ## - ADDRESS
City New Delhi
Address 156-D, kamla nagar
Postal code 110007
300 ## - PHYSICAL DESCRIPTION
Extent vi, 97p.
Dimensions 19m(Hb)
650 ## - SUBJECT ADDED ENTRY--TOPICAL TERM
Topical term or geographic name as entry element Literature
9 (RLIN) 6262
650 ## - SUBJECT ADDED ENTRY--TOPICAL TERM
Topical term or geographic name as entry element Stories
9 (RLIN) 7500
700 ## - ADDED ENTRY--PERSONAL NAME
Personal name Agarwal, C.M.
9 (RLIN) 27157
942 ## - ADDED ENTRY ELEMENTS (KOHA)
Source of classification or shelving scheme Dewey Decimal Classification
Koha item type English Books
Classification part S
Call number suffix BUR
Holdings
Withdrawn status Lost status Damaged status Not for loan Home library Current library Date acquired Source of acquisition Cost, normal purchase price Total Checkouts Full call number Barcode Date last seen Copy number Cost, replacement price Price effective from Koha item type Public note Source of classification or shelving scheme Collection code
        Central Library Central Library 27/07/2015 Cen Lib/Ret 150.00   S BUR B-120226 27/07/2015 1 150.00 27/07/2015 English Books Legal Case Register No. 28    
        Patel Nagar Patel Nagar 02/07/2018 BPPD/Pub 150.00   S BUR B-120227 02/07/2018 1 150.00 02/07/2018 English Books   Dewey Decimal Classification Fiction
        Vigyan Vihar Vigyan Vihar 15/05/2019 BPPD 150.00   S BUR B-120247 15/05/2019   150.00 15/05/2019 English Books   Dewey Decimal Classification Fiction
        Yojana Vihar Yojana Vihar 24/09/2019 BPPD/PUB 150.00   S BUR B-120246 24/09/2019   150.00 24/09/2019 English Books   Dewey Decimal Classification Fiction

© Delhi Public Library
Hit Counter
free hit counter